000 00566nam a2200181Ia 4500
003 GCL
008 140319s9999 xx 000 0 ara d
040 _aGCL /
_cGCL
082 0 4 _a810.9
_bز ع
100 1 _aزكى المحاسنى
245 1 0 _aعباقرة الادب عند العرب /
_cزكى المحاسنى
300 _a232 ص
490 _aالهيئة العامة للاستعلامات
_v0
650 0 4 _aالادب العربى
650 0 4 _aالادباء العرب
650 0 4 _aالادب العربى - تاريخ ونقد
942 _2ddc
_cBK
999 _c47818
_d47818